| 000 -LEADER | |
|---|---|
| fixed length control field | 00821nam a22002057a 4500 |
| 005 - DATE AND TIME OF LATEST TRANSACTION | |
| control field | 20250420134824.0 |
| 008 - FIXED-LENGTH DATA ELEMENTS--GENERAL INFORMATION | |
| fixed length control field | 211116b ||||| |||| 00| 0 eng d |
| 020 ## - INTERNATIONAL STANDARD BOOK NUMBER | |
| International Standard Book Number | 9780521173780 |
| 040 ## - CATALOGING SOURCE | |
| Transcribing agency | KCST |
| 082 ## - DEWEY DECIMAL CLASSIFICATION NUMBER | |
| Classification number | 428.24076 |
| Item number | Ca |
| 110 ## - MAIN ENTRY--CORPORATE NAME | |
| Corporate name or jurisdiction name as entry element | University of Cambridge. Local Examinations Syndicate. |
| 9 (RLIN) | 5567 |
| 245 ## - TITLE STATEMENT | |
| Title | Cambridge IELTS 8 : |
| Remainder of title | examination papers from University of Cambridge ESOL examinations : with answers / |
| Statement of responsibility, etc. | University of Cambridge. Local Examinations Syndicate. |
| 260 ## - PUBLICATION, DISTRIBUTION, ETC. | |
| Place of publication, distribution, etc. | Cambridge: |
| Name of publisher, distributor, etc. | Cambridge University Press; |
| Date of publication, distribution, etc. | 2011. |
| 300 ## - PHYSICAL DESCRIPTION | |
| Extent | 176 p. |
| 650 ## - SUBJECT ADDED ENTRY--TOPICAL TERM | |
| Topical term or geographic name entry element | English language |
| Form subdivision | Textbooks for foreign speakers. |
| 9 (RLIN) | 4734 |
| 650 ## - SUBJECT ADDED ENTRY--TOPICAL TERM | |
| Topical term or geographic name entry element | International English Language Testing System |
| Form subdivision | Study guides. |
| 9 (RLIN) | 5568 |
| 650 ## - SUBJECT ADDED ENTRY--TOPICAL TERM | |
| Topical term or geographic name entry element | English language |
| Form subdivision | Examinations, questions, etc. |
| 9 (RLIN) | 5569 |
| 942 ## - ADDED ENTRY ELEMENTS (KOHA) | |
| Koha item type | Book |
| 942 ## - ADDED ENTRY ELEMENTS (KOHA) | |
| Source of classification or shelving scheme | Dewey Decimal Classification |
| Withdrawn status | Lost status | Source of classification or shelving scheme | Damaged status | Not for loan | Home library | Current library | Date acquired | Cost, normal purchase price | Total checkouts | Full call number | Barcode | Date last seen | Cost, replacement price | Price effective from | Koha item type |
|---|---|---|---|---|---|---|---|---|---|---|---|---|---|---|---|
| Dewey Decimal Classification | KCST Library | KCST Library | 16/11/2021 | 6.80 | 428.24076 Ca | 1000000943 | 16/11/2021 | 6.80 | 16/11/2021 | Book | |||||
| Dewey Decimal Classification | KCST Library | KCST Library | 16/11/2021 | 6.80 | 428.24076 Ca | 1000000944 | 16/11/2021 | 6.80 | 16/11/2021 | Book | |||||
| Dewey Decimal Classification | KCST Library | KCST Library | 16/11/2021 | 6.80 | 428.24076 Ca | 1000000945 | 16/11/2021 | 6.80 | 16/11/2021 | Book |